000 00436nam a22001577a 4500
020 _a978-81-8477-974-5
082 _a823
_bAPJ/A
100 _aPADMASREE, SHAMIM
245 _aAPJ ABDUL KALAM
_bTHE PEOPLE'S PRESIDENT
246 _aAPJ ABDUL KALAM
_bTHE PEOPLE'S PRESIDENT
260 _aGURGAON
_bSCHOLASTIC INDIA PVT. LTD
_c2015
300 _a103
520 _aABOUT APJ ABDUKL KALAM
650 _aABOUT APJ ABDUKL KALAM
942 _cBK
999 _c2164
_d2164